| 000 -CABECERA |
| Longitud fija campo de control |
01494nam a2200409 a 4500 |
| 001 - NÚMERO DE CONTROL |
| Número de control |
991056239959706706 |
| 003 - IDENTIFICADOR DEL NÚMERO DE CONTROL |
| Identificador del número de control |
OSt |
| 005 - FECHA Y HORA DE LA ÚLTIMA TRANSACCIÓN |
| Fecha y hora de la última transacción |
20211216140742.0 |
| 008 - CÓDIGOS DE INFORMACIÓN DE LONGITUD FIJA |
| Códigos de información de longitud fija |
000627s2000 sp |||||| 000 ||spa|c |
| 017 ## - NÚMERO DE COPYRIGHT O DE DEPÓSITO LEGAL |
| Número de copyright o de depósito legal |
DL M. 4152-2000 |
| 020 ## - NÚMERO INTERNACIONAL NORMALIZADO PARA LIBROS |
| Número Internacional Normalizado para Libros (ISBN) |
8479545585 |
| 035 ## - NÚMERO DE CONTROL DEL SISTEMA |
| Número de control del sistema |
(ES-BaCBU)b24908551-34csuc_network |
| 035 ## - NÚMERO DE CONTROL DEL SISTEMA |
| Número de control del sistema |
(ES-BaCBU).b24908551 |
| 035 ## - NÚMERO DE CONTROL DEL SISTEMA |
| Número de control del sistema |
(ccuc001)b24908551 |
| 035 ## - NÚMERO DE CONTROL DEL SISTEMA |
| Número de control del sistema |
(OCoLC)807436964 |
| 040 ## - FUENTE DE LA CATALOGACIÓN |
| Centro catalogador de origen |
ES-BaCBU |
| Lengua de catalogación |
cat |
| Centro transcriptor |
CDMR |
| 043 ## - CÓDIGO DE ÁREA GEOGRÁFICA |
| Código de área geográfica |
e-sp--- |
| Código local GAC |
e-sp--- |
| Fuente del código local |
catmarc |
| 080 ## - NÚMERO DE LA CLASIFICACIÓN DECIMAL UNIVERSAL |
| Número de la Clasificación Decimal Universal |
070.1(460) |
| 090 ## - CAMPOS LOCALES |
| Número de clasificación (OCLC) ; Número de clasificación,LLAMADA (RLIN) |
PN4781 |
| Signatura local (OCLC) ; Signatura sin dividir, número de libro, CALL (RLIN) |
.R45 2000 |
| 100 1# - PUNTO DE ACCESO PRINCIPAL-NOMBRE DE PERSONA |
| Nombre de persona |
Reig, Ramón |
| 9 (RLIN) |
2089 |
| 245 10 - MENCIÓN DE TÍTULO |
| Título |
Periodismo de investigación y pseudoperiodismo : |
| Resto del título |
realidades, deseos y falacias / |
| Mención de responsabilidad, etc. |
Ramón Reig ; prólogo de Montserrat Quesada Pérez |
| 260 ## - PUBLICACIÓN, DISTRIBUCIÓN, ETC. (PIE DE IMPRENTA) |
| Lugar de publicación, distribución, etc. |
Madrid : |
| Nombre del editor, distribuidor, etc. |
Libertarias, |
| Fecha de publicación, distribución, etc. |
2000 |
| 300 ## - DESCRIPCIÓN FÍSICA |
| Extensión |
151 p.; |
| Dimensiones |
20 cm |
| 490 1# - MENCIÓN DE SERIE |
| Mención de serie |
Ensayo ; |
| Designación de volumen o secuencia |
123 |
| 504 ## - NOTA DE BIBLIOGRAFÍA, ETC |
| Nota de bibliografía, etc. |
Bibliografia p. 147-151 |
| 650 04 - PUNTO DE ACCESO ADICIONAL DE MATERIA - TÉRMINO DE MATERIA |
| Término de materia o nombre geográfico como elemento inicial |
Periodisme d'investigació |
| Subdivisión geográfica |
Espanya |
| 650 04 - PUNTO DE ACCESO ADICIONAL DE MATERIA - TÉRMINO DE MATERIA |
| Término de materia o nombre geográfico como elemento inicial |
Ètica periodística |
| Subdivisión geográfica |
Espanya |
| 650 04 - PUNTO DE ACCESO ADICIONAL DE MATERIA - TÉRMINO DE MATERIA |
| Término de materia o nombre geográfico como elemento inicial |
Mitjans de comunicació de massa |
| Subdivisión de materia general |
Aspectes econòmics |
| Subdivisión geográfica |
Espanya |
| 650 04 - PUNTO DE ACCESO ADICIONAL DE MATERIA - TÉRMINO DE MATERIA |
| Término de materia o nombre geográfico como elemento inicial |
Mitjans de comunicació de massa |
| Subdivisión de materia general |
Aspectes ètics i morals |
| Subdivisión geográfica |
Espanya |
| 650 04 - PUNTO DE ACCESO ADICIONAL DE MATERIA - TÉRMINO DE MATERIA |
| Término de materia o nombre geográfico como elemento inicial |
Mitjans de comunicació de massa |
| Subdivisión de materia general |
Aspectes polítics |
| Subdivisión geográfica |
Espanya |
| 650 04 - PUNTO DE ACCESO ADICIONAL DE MATERIA - TÉRMINO DE MATERIA |
| Término de materia o nombre geográfico como elemento inicial |
Periodisme |
| Subdivisión de materia general |
Objectivitat |
| Subdivisión geográfica |
Espanya |
| 830 #0 - PUNTO DE ACCESO ADICIONAL DE SERIE - TÍTULO UNIFORME |
| Título uniforme |
Ensayo (Libertarias/Prodhufi (Firma)) ; |
| Designación de volumen o secuencia |
123 |
| 907 ## - ELEMENTO G DATOS LOCALES, GDL (RLIN) |
| a |
.b24908551 |
| b |
21-06-21 |
| c |
08-05-08 |
| d |
27-06-00 |
| e |
m |
| f |
a |
| g |
- |
| h |
spa |
| i |
sp |
| j |
0 |
| k |
3 |
| 908 ## - CONTROL DE PARÁMETROS (RLIN) |
| Parametro de comando lanzado |
UAB |
| -- |
UAO |
| -- |
UPF |
| -- |
UVic-UCC |
| -- |
UIC |
| -- |
UB |
| 940 ## - |
| T&íacute;tulo uniforme |
<a href="UAB">UAB</a> |
| 942 ## - ENTRADA DE ELEMENTOS AGREGADOS (KOHA) |
| Fuente de clasificaión o esquema |
|
| Koha [por defecto] tipo de item |
Monografies |